00737nam a2200229Ia 4500003000900000008004100009040001300050040001300063041000800076100001900084245005700103250003100160260003300191260000900224300001100233300001000244490002300254490000900277942000700286999001700293952019700310IT-RoPAU120407s9999 xx 000 0 und d aIT-RoPAU cIT-RoPAU aita aHenri de Lubac aParadossi e nuovi paradossi. L’uomo davanti a Dio. aMilano - Cinisello Balsamo aJaca Book - Edizioni Paoline c1989 a201 p. c23 cm aGià e non ancora v1172 cBK c28404d28404 00102ddc406277_40000000000000071aPAULUSbPAULUSd2012-04-11l0o277.4r2012-04-11 00:00:00w2012-04-11yBKzInserito da: Jole In data: 15 settembre 2011 fondo: Via A.Severo 56 Progr:28386